Statistieken voor Landen die beginnen met L

Klik hier om de quiz te nemen!

Algemene statistieken

  • Deze quiz is 2.360 keer genomen
  • De gemiddelde score is 6 van 9

Antwoordstatistieken

Land% Correct
Letland
91%
Litouwen
88%
Laos
73%
Libië
73%
Luxemburg
69%
Liechtenstein
68%
Liberia
63%
Libanon
61%
Lesotho
56%

Scoreverdeling

Percentiel versus Aantal Correcte Antwoorden

Procent van Mensen met Elke Score

Uw Scoregeschiedenis

U heeft deze quiz nog niet genomen